00666nam a22001337a 4500008004100000020001500041050002800056245029600084260004600380300002200426440003800448700002300486800002300509140902b xxu||||| |||| 00| 0 eng d a040609344x aKD277.7.L39(1934 vol.1) aThe Law Reports (1934 vol.1) King's bench division: of the incorporated Council of law reporting Kings Bench Division and on appeal therefrom in the Court of Appeal, decisions in the Court of criminal appeal and decisions of the Railway and Canal Commission. / cedited by Frederick Pollock  aLondon:bButterworth and Co. Ltd.,c1934. axiv, 702p.:c24cm pKings Bench Division, 1934vvol 1 aPollock, Frederick aPollock, Frederick